Statistics for Domestic Animals and Birds by Picture - Quiz

Click here to take the quiz!

General Stats

  • This quiz has been taken 31 times
  • The average score is 15 of 16

Answer Stats

Answer% Correct
CAT
100%
COW
100%
DOG
100%
DONKEY
100%
DUCK
100%
GOAT
100%
HORSE
100%
PIG
100%
SHEEP
100%
SWAN
100%
PIGEON
96%
RABBIT
92%
PARROT
88%
HEN
71%
OX
63%
BUFFALO
54%

Score Distribution

Percentile by Number Answered

Percent of People with Each Score

Your Score History

You have not taken this quiz